Проблемы долларизации национальной экономики; Экономика России в XXI веке

Opis bibliograficzny
Parent link:Экономика России в XXI веке.— 2006.— С. 71-73
1. autor: Мискин А. С. Алексей Сергеевич
Język:rosyjski
Wydane: 2006
Hasła przedmiotowe:
Format: MixedMaterials Rozdział
KOHA link:https://koha.lib.tpu.ru/cgi-bin/koha/opac-detail.pl?biblionumber=122054

MARC

LEADER 00000naa2a2200000 4500
001 122054
005 20231031125827.0
035 |a (RuTPU)RU\TPU\book\132176 
090 |a 122054 
100 |a 20070926d2006 k y0rusy50 ca 
101 0 |a rus 
102 |a RU 
200 1 |a Проблемы долларизации национальной экономики  |f А. С. Мискин 
320 |a Библиогр.: 3 назв. 
463 0 |0 (RuTPU)RU\TPU\book\116890  |t Экономика России в XXI веке  |o сборник научных трудов III Всероссийской научно-практической конференции "Теоретические проблемы экономической безопасности России в XXI веке"  |f Томский политехнический университет, Инженерно-экономический факультет; под ред. Г. А. Барышевой, Л. М. Борисовой  |v С. 71-73  |d 2006  |p 340 с. 
610 1 |a экономика 
610 1 |a долларизация 
610 1 |a национальная валюта 
610 1 |a деньги 
610 1 |a труды учёных ТПУ 
700 1 |a Мискин  |b А. С.  |c экономист  |c доцент Томского политехнического университета  |f 1979-  |g Алексей Сергеевич  |2 stltpush  |3 (RuTPU)RU\TPU\pers\25432 
801 1 |a RU  |b 63413507  |c 20070926  |g PSBO 
801 2 |a RU  |b 63413507  |c 20130205  |g RCR 
942 |c BK